000 00311nam a2200121Ia 4500
008 191201s2011 xx 000 0 und d
100 _aSINGH,Jatinder
245 0 _aText Book of Computer Organization and Architecture
260 _aN. Delhi
_bUdh
_c2011
300 _a345
650 _aB.Tech(CSE)
942 _2ddc
_cBK
999 _c703
_d703